The official guide to the GRE general test / (Record no. 26332)
[ view plain ]
| 000 -LEADER | |
|---|---|
| fixed length control field | 01435cam a22002895a 4500 |
| 003 - CONTROL NUMBER IDENTIFIER | |
| control field | OSt |
| 005 - DATE AND TIME OF LATEST TRANSACTION | |
| control field | 20180318135502.0 |
| 008 - FIXED-LENGTH DATA ELEMENTS--GENERAL INFORMATION | |
| fixed length control field | 161222t2017 nyua fr 000 0 eng d |
| 020 ## - INTERNATIONAL STANDARD BOOK NUMBER | |
| International Standard Book Number | 9781259862410 |
| 020 ## - INTERNATIONAL STANDARD BOOK NUMBER | |
| International Standard Book Number | 1259862410 |
| 035 ## - SYSTEM CONTROL NUMBER | |
| System control number | (OCoLC)ocn966680085 |
| 035 ## - SYSTEM CONTROL NUMBER | |
| System control number | (OCoLC)966680085 |
| 040 ## - CATALOGING SOURCE | |
| Original cataloging agency | AMP |
| Language of cataloging | eng |
| Transcribing agency | AMP |
| Modifying agency | AMP |
| -- | OCLCO |
| -- | TNH |
| -- | NYP |
| -- | ZHB |
| -- | EYM |
| -- | TXWAL |
| -- | OCLCF |
| -- | SEA |
| -- | IGA |
| -- | EG-ScBUE |
| 082 04 - DEWEY DECIMAL CLASSIFICATION NUMBER | |
| Classification number | 378.1662 |
| Item number | OFF |
| Edition number | 22 |
| 245 04 - TITLE STATEMENT | |
| Title | The official guide to the GRE general test / |
| Statement of responsibility, etc | ETS. |
| 246 3# - VARYING FORM OF TITLE | |
| Title proper/short title | Official guide to the Graduate Record Examination general test |
| 250 ## - EDITION STATEMENT | |
| Edition statement | 3rd ed. |
| 260 ## - PUBLICATION, DISTRIBUTION, ETC. (IMPRINT) | |
| Place of publication, distribution, etc | New York : |
| Name of publisher, distributor, etc | Mc-Graw Hill Education, |
| Date of publication, distribution, etc | c.2017. |
| 300 ## - PHYSICAL DESCRIPTION | |
| Extent | 587 p. : |
| Other physical details | ill. ; |
| Dimensions | 28 cm. |
| 505 0# - FORMATTED CONTENTS NOTE | |
| Formatted contents note | About the GRE General Test -- GRE analytical writing -- GRE verbal reasoning -- GRE verbal reasoning practice questions -- GRE quantitative reasoning -- GRE quantitative reasoning practice questions -- GRE math review -- GRE Practice test 1 -- GRE Practice test 2. |
| 520 ## - SUMMARY, ETC. | |
| Summary, etc | "The Official Guide to the GRE General Test is the only GRE guide specially created by ETS--the people who actually make the test. It's packed with everything you need to do your best on the test--and move toward your graduate or business school degree." |
| 650 #7 - SUBJECT ADDED ENTRY--TOPICAL TERM | |
| Topical term or geographic name as entry element | Graduate Record Examination |
| Form subdivision | Study guides. |
| Source of heading or term | BUEsh |
| 9 (RLIN) | 20956 |
| 651 ## - SUBJECT ADDED ENTRY--GEOGRAPHIC NAME | |
| Source of heading or term | BUEsh |
| 653 ## - INDEX TERM--UNCONTROLLED | |
| Resource For college | Humanities: English |
| -- | Generalities |
| Arrived date list | March2018 |
| 710 2# - ADDED ENTRY--CORPORATE NAME | |
| Corporate name or jurisdiction name as entry element | Educational Testing Service. |
| 942 ## - ADDED ENTRY ELEMENTS (KOHA) | |
| Source of classification or shelving scheme | Dewey Decimal Classification |
| Withdrawn status | Item status | Source of classification or shelving scheme | Damaged status | Not for loan | Vendor | Home library | Current library | Shelving location | Date acquired | Source of acquisition | Total Checkouts | Total Renewals | Full call number | Barcode | Date last seen | Date last borrowed | Koha item type |
|---|---|---|---|---|---|---|---|---|---|---|---|---|---|---|---|---|---|
| Dewey Decimal Classification | Baccah | Central Library | Central Library | First floor | 18/03/2018 | Purchase | 10 | 15 | 378.1662 OFF | 000043057 | 15/07/2025 | 09/08/2023 | Book - Borrowing |